| 000 | 00590nam a2200193 a 4500 | ||
|---|---|---|---|
| 001 | BRCA_1491 | ||
| 005 | 20190320203442.0 | ||
| 008 | 060508s2002----mx-a---###---#000-0#spa-# | ||
| 041 | _aspa | ||
| 044 | _amx | ||
| 050 | 4 |
_aF1219.3.T4 _b.D38 2002 |
|
| 100 | 1 |
_aDavinson Pacheco, Luis Guillermo _94870 |
|
| 245 | 1 | 0 |
_aLa actividad textil de un pueblo nahua de la malinche _cLuis Guillermo Davinson Pacheco. |
| 260 |
_aMéxico _bCUSO _cc2002 |
||
| 300 |
_a109 p. _bil. _c21 cm. |
||
| 504 | _aBibliografía : p. 107-109 | ||
| 650 | 1 | 4 |
_aIndustria textil indígena _zMéxico _94675 |
| 942 |
_2lcc _cB |
||
| 999 |
_c1352 _d1352 |
||